000 00639nam a2200193Ia 4500
005 20250507130253.0
008 008 250505s9999 xx 000 0 eng d
037 _aSeries Article
040 _aEASL
_beng
_cEASL
041 _aeng
_2eng
084 _qEASL
100 _aSalopek Paul
_9670521
245 0 _aEdge of th world: a pulitzer prize-winning journalist prepares to set off on a seven-year journet tracing early human's first cross-border trek out of Africa
260 _aUSA
_bWashington Carnegie Endowment
_c2013
300 _a78-79
650 _aForeign affairs
942 _cSRA
999 _c1318691
_d1318691